Best practice and successful experiences in implementation of the convention on the elimination of all forms of discrimination against women in Arab countries (Record no. 35745)

MARC details
000 -LEADER
fixed length control field 00750nam a2200157 a 4500
008 - FIXED-LENGTH DATA ELEMENTS--GENERAL INFORMATION
fixed length control field 130107s2011 ||||||||||||||||| || u
050 ## - LIBRARY OF CONGRESS CALL NUMBER
Classification number UN-ESCWA(02)
245 00 - TITLE STATEMENT
Title Best practice and successful experiences in implementation of the convention on the elimination of all forms of discrimination against women in Arab countries
Statement of responsibility, etc. by United Nations Economic and Social Commision for Western Asia [UNESCWA]
260 ## - PUBLICATION, DISTRIBUTION, ETC.
Place of publication, distribution, etc. New York:
Date of publication, distribution, etc. 2011
300 ## - PHYSICAL DESCRIPTION
Extent v, 35p.: ill.
500 ## - GENERAL NOTE
General note Bibliography
650 ## - SUBJECT ADDED ENTRY--TOPICAL TERM
Topical term or geographic name entry element GENDER POLICY--ASIA, WESTERN
650 ## - SUBJECT ADDED ENTRY--TOPICAL TERM
Topical term or geographic name entry element GENDER DISCRIMINATION--ARAB COUNTRIES
650 ## - SUBJECT ADDED ENTRY--TOPICAL TERM
Topical term or geographic name entry element GENDER
995 ## - RECOMMENDATION 995 [LOCAL, UNIMARC FRANCE]
-- CBU-MAIN LIBRARY (Kitwe)
-- 1
-- AVAILABLE
-- Jan 7, 2013
-- International Publications
Holdings
Withdrawn status Lost status Source of classification or shelving scheme Damaged status Not for loan Home library Current library Shelving location Date acquired Total Checkouts Full call number Barcode Date last seen Price effective from Koha item type
          CBU-MAIN LIBRARY, KITWE. CBU-MAIN LIBRARY, KITWE.   11/30/2022   UN-ESCWA(02) B461 11/30/2022 11/30/2022 MONOGRAPH